000
00285nam a22001217a 4500
008
140109t xxu||||| |||| 00| 0 eng d
100
_a
Moulana Altaf Hussain Hali
_9
580
245
_a
Hayat e Javeed
246
_a
hayat e javaid
300
_a
340
440
_v
Vol 1
_9
581
942
_2
ddc
_c
BK
999
_c
16849
_d
16849